The Ultimate Lord Of The Rings Quiz 🎬 - Statistics

General Stats
  • This quiz has been taken 132 times
  • The average score is 16 of 30
Answer Stats
Hint Answer % Correct
Who is Arwen’s father? Elrond
90%
How many books is the Fellowship of the Ring divided into? 2
84%
Which character is in love with Arwen? Aragorn
80%
Which race held the remaining Rings of Power Lord Sauron sought to capture? The elves
69%
When the remaining members of the Fellowship go looking for Merry and Pippin in Fangorn Forest, who do they end up finding there? Gandalf
68%
Who began following the Fellowship as they traversed to Mount Doom? Gollum
68%
What is the name of the capital city of Gondor? Minas Tirith
67%
Who tries to save Frodo from Shelab the gigantic spider? Sam
66%
What actor plays Gandalf the Grey? Ian McKellen
64%
Who does Gandalf say is the worst hobbit because of his curiosity? Pippin
64%
What is the name of the gigantic spider creature Gollum brings Forod and Samwise to? Shelob
64%
Who is the King of Edoras? Theoden
62%
Who found the Ring with Smeagol? Deagol
60%
What is the name of the underground kingdom the Fellowship end up using as a route to get to Mount Doom? Moria
59%
What is Legolas’s last name? Greenleaf
57%
Which actor plays Boromir? Sean Bean
57%
Dark Lord Morgoth goes by a second name. What is this other name Dark Lord Morgoth is referred to as? Melkor
56%
Lord Sauron waged a war to try and collect the powerful rings. How many rings did he collect? 16
54%
Which actress plays Galadriel? Cate Blanchett
52%
The Lord of the Rings: The Return of the King is the first movie of what genre to win Best Picture at the Academy Awards? Fantasy
52%
The sword that was reformed from the remains of the ‘Sword that was Broken’ is called what new name? Anduril
51%
Where do Merry and Pippin go once they escape from the Orcs? Fangorn Forest
51%
Which actor plays Gollum/Smeagol? Andy Serkis
48%
In the film The Two Towers, where are the scenes that take place in Edoras filmed? New Zealand
45%
What does Pippin see once they arrive at the city of Minas Tirith? The White Tree
33%
Who is the King of Arda? Manwe
29%
Who is the malevolent dark lord that becomes the ruler of Mordor? Lord Sauron
20%
Which character said this famous line from the movie “Not all those who wander are lost.” Bilbo Baggins
14%
Who is the Lord of Rivendell? Lord Elrond
10%
When was the Fellowship of the Ring first released? July 29, 1954
0%
No matching quizzes found
Score Distribution
Percent of People with Each Score
Percentile by Number Answered
Your Score History
You have not taken this quiz